000
00294nam a2200109Ia 4500
008
231129s9999||||xx |||||||||||||| ||spa||
082
_a
ER- 444
100
_a
Ospina Amézquita Leticia
245
0
_a
Entre rosas y espinas. Poemario
264
_a
Dosquebradas: Prenóbel 2017
942
_2
ddc
_c
BKS
999
_c
13209
_d
13209